LIBRARY & INFORMATION CENTRE, KCAET, TAVANUR

ONLINE PUBLIC ACCESS CATALOGUE (OPAC)

Concrete Structures : text book for diploma students / (Record no. 1967)

MARC details
000 -LEADER
fixed length control field 00421cam a2200157ua 4500
003 - CONTROL NUMBER IDENTIFIER
control field OSt
008 - FIXED-LENGTH DATA ELEMENTS--GENERAL INFORMATION
fixed length control field 250627b |||||||| |||| 00| 0 eng d
082 ## - DEWEY DECIMAL CLASSIFICATION NUMBER
Classification number 624.1834
Item number VAZ/CO
100 ## - MAIN ENTRY--AUTHOR NAME
Personal name Vazirani, V.N .
245 ## - TITLE STATEMENT
Title Concrete Structures : text book for diploma students /
250 ## - EDITION STATEMENT
Edition statement 1 /
260 ## - PUBLICATION, DISTRIBUTION, ETC. (IMPRINT)
Place of publication Delhi :
Name of publisher Hanna Publishers ,
Year of publication 1967.
300 ## - PHYSICAL DESCRIPTION
Number of Pages 295 ; .
700 1# - ADDED ENTRY--PERSONAL NAME
Personal name Ratwani, M.M .
942 ## - ADDED ENTRY ELEMENTS (KOHA)
Koha item type Books
Holdings
Withdrawn status Lost status Damaged status Home library Current library Date acquired Full call number Accession Number Koha item type
      KAUAET KAUAET 07/04/2012 624.1834 VAZ/CO 13251 Books
free website counter